Exporters' yellow pages 2006.

Bibliographic Details
Format: Book
Published: New Delhi: Infocom Network, 2006.
Edition:15th ed..
Subjects:
LEADER 00452cam a2200157 7i4500
001 0000019016
005 20070321090000.0
020 0 0 |a 81-86324-06-2  
090 0 0 |a INDA 910.2554   |b EXP 
245 0 0 |a Exporters' yellow pages 2006. 
250 0 0 |a 15th ed.. 
260 0 0 |a New Delhi:   |b Infocom Network,   |c 2006. 
300 # # |a 968 p. 
650 0 0 |a Exporters --   |x Directories --   |z India  
651 0 0 |a India  
999 |a B000019587  |b Directories  |c Countries  |e Business Information Centre